MARC

LEADER 00000nam0a2200000 4500
001 305490
005 20231102001814.0
020 |a RU  |b 83-39032 
035 |a (RuTPU)RU\TPU\book\330761 
090 |a 305490 
100 |a 20150928d1983 k y0rusy5003 ca 
101 0 |a rus 
102 |a RU 
105 |a y z 100zy 
200 1 |a Палеовулканологические карты и вопросы металлогении  |e тезисы докладов к VI Всесоюзному палеовулканологическому симпозиуму, 23-26 мая 1983 г., г. Миасс  |h Т. 1  |f Академия наук СССР (АН СССР), Уральский научный центр (УНЦ), Институт геологии и геохимии им. А. Н. Заварицкого (ИГГ) ; Палеовулканологические карты и вопросы металлогении ; под ред. С. Н. Иванов 
210 |a Свердловск  |c Изд-во УНЦ АН СССР  |d 1983 
215 |a 152 с. 
606 1 |a Вулканизм  |2 stltpush  |3 (RuTPU)RU\TPU\subj\3799  |9 32148 
606 1 |a Металлогения  |2 stltpush  |3 (RuTPU)RU\TPU\subj\42411  |9 62078 
610 1 |a палеовулканологические карты 
610 1 |a Урал 
610 1 |a макеты 
610 1 |a построение 
610 1 |a составление 
610 1 |a картирование 
610 1 |a вулканические пояса 
610 1 |a магнетитовые породы 
610 1 |a коматитовые формации 
610 1 |a колчеданные месторождения 
610 1 |a прогнозирование 
610 1 |a магматические формации 
610 1 |a характеристики 
610 1 |a медно-порфировое оруденение 
610 1 |a рудоносность 
675 |a 551.21(063)  |v 4 
675 |a 553.078(063)  |v 4 
702 1 |a Иванов  |b С. Н.  |g Святослав Несторович  |4 340 
712 0 2 |a Академия наук СССР (АН СССР)  |b Уральский научный центр (УНЦ)  |b Институт геологии и геохимии им. А. Н. Заварицкого (ИГГ)  |c (Свердловск)  |2 stltpush  |3 (RuTPU)RU\TPU\col\10909 
712 1 2 |a Палеовулканологические карты и вопросы металлогении  |c Всесоюзный палеовулканологический симпозиум  |d 6  |e Свердловск  |f 1983 
801 0 |a RU  |b RuMRKP  |c 19950704  |g psbo 
801 1 |a RU  |b 63413507  |c 20150928 
801 2 |a RU  |b 63413507  |c 20171006  |g RCR 
942 |c BK